Benchmarking helps in cost control and budget planning. (Record no. 60561)

MARC details
000 -LEADER
fixed length control field 00655cam a2200169 4500
001 - CONTROL NUMBER
control field ABS60895
008 - FIXED-LENGTH DATA ELEMENTS--GENERAL INFORMATION
fixed length control field 000000n1999 000 0 eng u
035 ## - SYSTEM CONTROL NUMBER
System control number (Sirsi) u101419
100 ## - MAIN ENTRY--PERSONAL NAME
Personal name LeBreton, C.
245 ## - TITLE STATEMENT
Title Benchmarking helps in cost control and budget planning.
260 ## - PUBLICATION, DISTRIBUTION, ETC.
Place of publication, distribution, etc. c1999
490 ## - SERIES STATEMENT
Series statement CSM
-- Chartered Surveyor Monthly
Volume/sequential designation 8(11/12) July/August 1999, 46-47(2)
520 ## - SUMMARY, ETC.
Summary, etc. Reports on how occupancy cost records helped a Pembrokeshire NHS Trust control its budgets. Example analysis of six years' expenditure for a typical district general hospital.
690 ## - LOCAL SUBJECT ADDED ENTRY--TOPICAL TERM (OCLC, RLIN)
Topical term or geographic name as entry element BUILT ENVIRONMENT-BUILDING COSTS
700 ## - ADDED ENTRY--PERSONAL NAME
Personal name Martin, J.
942 ## - ADDED ENTRY ELEMENTS (KOHA)
Suppress in OPAC 0
Holdings
Withdrawn status Lost status Source of classification or shelving scheme Damaged status Not for loan Home library Current library Shelving location Date acquired Total Checkouts Full call number Barcode Date last seen Copy number Price effective from Koha item type
    Dewey Decimal Classification     London London Journal article 04/11/1999   ABS60895 101419-1001 06/08/2019 1 06/08/2019 Journal article